<?xml version="1.0" encoding="UTF-8"?>
<collection xmlns="http://www.loc.gov/MARC21/slim">
<record>
  <controlfield tag="001">107092</controlfield>
  <controlfield tag="005">20210909132526.0</controlfield>
  <datafield tag="037" ind1=" " ind2=" ">
    <subfield code="a">TAZ-TFG-2021-1087</subfield>
  </datafield>
  <datafield tag="041" ind1=" " ind2=" ">
    <subfield code="a">spa</subfield>
  </datafield>
  <datafield tag="100" ind1="1" ind2=" ">
    <subfield code="a">Fernández de Landa Pérez, Andrea</subfield>
  </datafield>
  <datafield tag="242" ind1="0" ind2="0">
    <subfield code="a">Preventive gastropexy applied to gastric dilatation-volvulus in dogs: use valuation of minimally invasive techniques.</subfield>
  </datafield>
  <datafield tag="245" ind1="0" ind2="0">
    <subfield code="a">Gastropexia preventiva aplicada al síndrome dilatación-torsión gástrica en la especie canina: valoración del uso de técnicas de mínima invasión.</subfield>
  </datafield>
  <datafield tag="260" ind1=" " ind2=" ">
    <subfield code="a">Zaragoza</subfield>
    <subfield code="b">Universidad de Zaragoza</subfield>
    <subfield code="c">2021</subfield>
  </datafield>
  <datafield tag="506" ind1=" " ind2=" ">
    <subfield code="a">by-nc-sa</subfield>
    <subfield code="b">Creative Commons</subfield>
    <subfield code="c">3.0</subfield>
    <subfield code="u">http://creativecommons.org/licenses/by-nc-sa/3.0/</subfield>
  </datafield>
  <datafield tag="520" ind1=" " ind2=" ">
    <subfield code="a">El síndrome dilatación-torsión gástrica es un proceso agudo con carácter urgente descrito mayormente en perros de razas grandes o gigantes. Su origen exacto es desconocido por lo que sigue siendo objeto de estudio. Se basa en la dilatación del estómago debido a la acumulación de sustancias (gas, líquido, sólido), con la posterior torsión del mismo, impidiendo la evacuación del contenido por parte del animal generando complicaciones a distintos niveles.&lt;br />Los animales que sufren este síndrome presentan por lo general abdomen distendido con intentos reiterados de vómito sin resultado. Su diagnóstico se basará junto a los signos físicos y pruebas laboratoriales, en una radiografía, donde se observará la típica imagen de “coma invertida” debido a la dilatación y torsión del estómago.&lt;br />Requiere una actuación de carácter quirúrgico, y según numerosos autores la gastropexia supone una técnica preventiva para el mismo, complementaria a un adecuado manejo del animal. Referente a esta técnica, existen diversos métodos, tanto de cirugía abierta como de mínima invasión.&lt;br />El trabajo tiene como objetivo la discusión del método más adecuado para realizar la gastropexia preventiva en la especie canina. De este modo, mediante libros sobre cirugía, anatomía, artículos de revistas, textos de carácter científico así como investigaciones en el ámbito de la cirugía animal, se recogerá información suficiente y adecuada para llegar a la conclusión de cuál es el método más adecuado para evitar quirúrgicamente esta afección. &lt;br />&lt;br /></subfield>
  </datafield>
  <datafield tag="521" ind1=" " ind2=" ">
    <subfield code="a">Graduado en Veterinaria</subfield>
  </datafield>
  <datafield tag="540" ind1=" " ind2=" ">
    <subfield code="a">Derechos regulados por licencia Creative Commons</subfield>
  </datafield>
  <datafield tag="700" ind1=" " ind2=" ">
    <subfield code="a">Lebrero Berna, MºEugenia</subfield>
    <subfield code="e">dir.</subfield>
  </datafield>
  <datafield tag="710" ind1="2" ind2=" ">
    <subfield code="a">Universidad de Zaragoza</subfield>
    <subfield code="b">Patología Animal</subfield>
    <subfield code="c">Medicina y Cirugía Animal</subfield>
  </datafield>
  <datafield tag="856" ind1="0" ind2=" ">
    <subfield code="f">743092@unizar.es</subfield>
  </datafield>
  <datafield tag="856" ind1="4" ind2=" ">
    <subfield code="s">659576</subfield>
    <subfield code="u">http://zaguan.unizar.es/record/107092/files/TAZ-TFG-2021-1087.pdf</subfield>
    <subfield code="y">Memoria (spa)</subfield>
  </datafield>
  <datafield tag="909" ind1="C" ind2="O">
    <subfield code="o">oai:zaguan.unizar.es:107092</subfield>
    <subfield code="p">driver</subfield>
    <subfield code="p">trabajos-fin-grado</subfield>
  </datafield>
  <datafield tag="950" ind1=" " ind2=" ">
    <subfield code="a"></subfield>
  </datafield>
  <datafield tag="980" ind1=" " ind2=" ">
    <subfield code="a">TAZ</subfield>
    <subfield code="b">TFG</subfield>
    <subfield code="c">VET</subfield>
  </datafield>
  <datafield tag="999" ind1=" " ind2=" ">
    <subfield code="a">20210611104831.CREATION_DATE</subfield>
  </datafield>
  <datafield tag="951" ind1=" " ind2=" ">
    <subfield code="a">deposita:2021-09-09</subfield>
  </datafield>
</record>
</collection>